[Event "Titled Tuesday intern op 20th May Late"]
[Site "Chess.com INT"]
[Date "2025.05.20"]
[Round "10"]
[White "Szpar, Milosz"]
[Black "Martin Fuentes, Alberto"]
[Result "0-1"]
[WhiteElo "2475"]
[BlackElo "2376"]
[PlyCount "110"]
[EventDate "2025.05.20"]
[EventType "swiss (blitz)"]
[EventRounds "11"]
[EventCountry "USA"]
[SourceTitle "CB22_2025"]
[SourceDate "2025.05.28"]
[SourceVersion "1"]
[SourceVersionDate "2025.05.28"]
[SourceQuality "1"]

1. e4 e6 2. d4 d5 3. e5 c5 4. c3 Qb6 5. Nf3 Nc6 6. Be2 f6 7. 0-0 fxe5 8. dxe5 Nh6 9. Bd3 c4 10. Bc2 Nf7 11. Qe2 g6 12. b3 cxb3 13. axb3 Bg7 14. Bf4 0-0 15. Nbd2 Qc7 16. Rfe1 a6 17. h3 Bd7 18. Bh2 Rac8 19. Bd3 Qb6 20. Bg3 Nfxe5 21. Rac1 Rce8 22. c4 dxc4 23. Bxc4 Nxf3+ 24. Nxf3 Kh8 25. Rcd1 Bc8 26. Rd6 Qc5 27. Bxe6 Nd4 28. Nxd4 Bxd4 29. b4 Qc3 30. Rxd4 Rxe6 31. Be5+ Kg8 32. Rc4 Qb3 33. Rc7 Rfe8 34. Rg7+ Kf8 35. Qd2 Rxe5 36. Rxe5 Rxe5 37. Qh6 Qd1+ 38. Kh2 Ke8 39. Rg8+ Kd7 40. Rg7+ Re7 41. Qxh7 Qd6+ 42. g3 Qe6 43. h4 Qf6 44. Rg8 Qxf2+ 45. Kh1 Rxh7 46. Rg7+ Kc6 47. Rxh7 Kb5 48. Rc7 Ka4 49. Rc2 Qf3+ 50. Kg1 Bf5 51. Rf2 Qxg3+ 52. Kf1 Qxh4 53. Ra2+ Kb5 54. Rf2 Qxb4 55. Kg1 a5 0-1

[Event "Titled Tuesday intern op 06th May Early"]
[Site "Chess.com INT"]
[Date "2025.05.06"]
[Round "6"]
[White "Martin Fuentes, Alberto"]
[Black "Myagmarsuren, Evsuld"]
[Result "1-0"]
[WhiteElo "2376"]
[BlackElo "2292"]
[PlyCount "65"]
[EventDate "2025.05.06"]
[EventType "swiss (blitz)"]
[EventRounds "11"]
[EventCountry "USA"]
[SourceTitle "CB20_2025"]
[SourceDate "2025.05.14"]
[SourceVersion "1"]
[SourceVersionDate "2025.05.14"]
[SourceQuality "1"]

1. e4 e6 2. d4 d5 3. Nd2 c5 4. Ngf3 Nc6 5. exd5 exd5 6. Bb5 Nf6 7. 0-0 Be7 8. dxc5 Bxc5 9. Nb3 Bb6 10. Re1+ Be6 11. Nbd4 0-0 12. Bxc6 bxc6 13. Nxc6 Qc7 14. Ncd4 Bg4 15. Be3 Rfe8 16. h3 Bh5 17. c3 h6 18. Qa4 Re4 19. Qb3 Rae8 20. Bd2 Bxf3 21. Nxf3 Re2 22. Rxe2 Rxe2 23. Rf1 Ne4 24. Qxd5 Nxf2 25. Nd4 Nxh3+ 26. Kh1 Nf2+ 27. Kg1 Nh3+ 28. Kh1 Ng5 29. Bxg5 hxg5 30. Qa8+ Kh7 31. Qf3 Re5 32. Nf5 g6 33. Nd4 1-0

[Event "Titled Tuesday intern op 11th Mar Early"]
[Site "Chess.com INT"]
[Date "2025.03.11"]
[Round "1"]
[White "Martin Fuentes, Alberto"]
[Black "Coe, William R"]
[Result "1-0"]
[WhiteElo "2376"]
[BlackElo "2078"]
[PlyCount "85"]
[EventDate "2025.03.11"]
[EventType "swiss (blitz)"]
[EventRounds "11"]
[EventCountry "USA"]
[SourceTitle "CB12_2025"]
[SourceDate "2025.03.19"]
[SourceVersion "1"]
[SourceVersionDate "2025.03.19"]
[SourceQuality "1"]

1. e4 c5 2. Nc3 e6 3. d3 d5 4. g3 dxe4 5. Nxe4 Nf6 6. Bg2 Be7 7. Ne2 0-0 8. 0-0 Nc6 9. N2c3 a6 10. Nxf6+ Bxf6 11. Ne4 Be7 12. Qh5 Nd4 13. Qd1 Bd7 14. c3 Nf5 15. Qe2 Bc6 16. Bf4 Rc8 17. Rad1 b6 18. h4 Nd6 19. Bxd6 Bxd6 20. d4 Qe7 21. Qxa6 Bc7 22. Qe2 Rfe8 23. dxc5 bxc5 24. Rd2 Bd5 25. c4 Bc6 26. Nf6+ Qxf6 27. Bxc6 Red8 28. Be4 Rd4 29. Rxd4 cxd4 30. b4 g6 31. a4 Rb8 32. Rb1 Bd6 33. c5 Be5 34. b5 Qe7 35. Qc4 f5 36. Bc2 Kg7 37. Re1 Qc7 38. Qxe6 Bxg3 39. Qe7+ Qxe7 40. Rxe7+ Kf6 41. Rxh7 Be5 42. c6 Rd8 43. Bd3 1-0

[Event "Titled Tuesday intern op 11th Mar Early"]
[Site "Chess.com INT"]
[Date "2025.03.11"]
[Round "2"]
[White "Martin Fuentes, Alberto"]
[Black "Durarbayli, Vasif"]
[Result "0-1"]
[WhiteElo "2376"]
[BlackElo "2612"]
[PlyCount "78"]
[EventDate "2025.03.11"]
[EventType "swiss (blitz)"]
[EventRounds "11"]
[EventCountry "USA"]
[SourceTitle "CB12_2025"]
[SourceDate "2025.03.19"]
[SourceVersion "1"]
[SourceVersionDate "2025.03.19"]
[SourceQuality "1"]

1. e4 c5 2. Nc3 d6 3. d3 g6 4. g3 Bg7 5. Bg2 Nc6 6. Be3 Rb8 7. Qd2 b5 8. Nge2 b4 9. Nd1 Nd4 10. 0-0 h5 11. c3 bxc3 12. bxc3 Nxe2+ 13. Qxe2 h4 14. g4 h3 15. Bh1 Qa5 16. f4 Rh4 17. Bf3 Bxc3 18. Nxc3 Qxc3 19. Rab1 Rb6 20. Rfc1 Qa3 21. d4 Bxg4 22. dxc5 Bxf3 23. Qxf3 dxc5 24. e5 Kf8 25. Qa8+ Kg7 26. Bxc5 Rg4+ 27. Kh1 Qd3 28. Bxb6 axb6 29. Rd1 Qe2 30. Qd5 Rg2 31. Rf1 Rxh2+ 32. Kg1 Rg2+ 33. Kh1 Nh6 34. Rbe1 Rh2+ 35. Kg1 Rg2+ 36. Kh1 Qg4 37. e6 Qg3 38. Qe5+ f6 39. f5 fxe5 0-1

[Event "Titled Tuesday intern op 11th Mar Early"]
[Site "Chess.com INT"]
[Date "2025.03.11"]
[Round "5"]
[White "Martin Fuentes, Alberto"]
[Black "Olsson, Linus"]
[Result "1-0"]
[WhiteElo "2376"]
[BlackElo "2152"]
[PlyCount "77"]
[EventDate "2025.03.11"]
[EventType "swiss (blitz)"]
[EventRounds "11"]
[EventCountry "USA"]
[SourceTitle "CB12_2025"]
[SourceDate "2025.03.19"]
[SourceVersion "1"]
[SourceVersionDate "2025.03.19"]
[SourceQuality "1"]

1. e4 c5 2. Nc3 Nc6 3. g3 g6 4. Bg2 Bg7 5. d3 e6 6. Be3 d6 7. Qd2 Nge7 8. Bh6 0-0 9. h4 Nd4 10. Bxg7 Kxg7 11. h5 Ng8 12. Nge2 e5 13. hxg6 fxg6 14. Nxd4 cxd4 15. Nd5 Be6 16. 0-0-0 Rc8 17. Kb1 Bxd5 18. exd5 Rc7 19. f4 Rcf7 20. Rdf1 Qf6 21. a3 h5 22. Qb4 b6 23. Re1 exf4 24. Re6 Qg5 25. Qxd4+ Kh7 26. Be4 Rf6 27. gxf4 Qxf4 28. Rxh5+ Kg7 29. Rh1 R8f7 30. Rg1 g5 31. Qc3 Nh6 32. Qc8 g4 33. Rxf6 Qxf6 34. Rg2 Qg5 35. Qb8 Qf4 36. Qd8 g3 37. a4 a5 38. Qxb6 Re7 39. Qg1 1-0

[Event "Titled Tuesday intern op 11th Feb Early"]
[Site "Chess.com INT"]
[Date "2025.02.11"]
[Round "1"]
[White "Martin Fuentes, Alberto"]
[Black "Buchenau, Frank"]
[Result "1-0"]
[WhiteElo "2378"]
[BlackElo "2190"]
[PlyCount "101"]
[EventDate "2025.02.11"]
[EventType "swiss (blitz)"]
[EventRounds "11"]
[EventCountry "USA"]
[SourceTitle "CB09_2025"]
[SourceDate "2025.02.27"]
[SourceVersion "1"]
[SourceVersionDate "2025.02.27"]
[SourceQuality "1"]

1. e4 e6 2. d4 d5 3. Nc3 Nf6 4. Bg5 dxe4 5. Nxe4 Be7 6. Bxf6 gxf6 7. Nf3 f5 8. Nc3 a6 9. Bc4 b5 10. Bb3 c5 11. dxc5 Qxd1+ 12. Rxd1 Bb7 13. a4 b4 14. Ne2 Rg8 15. Nf4 Rxg2 16. Ke2 Rg4 17. Nd3 Re4+ 18. Kd2 Nd7 19. Rhg1 0-0-0 20. Ng5 Nxc5 21. Nxe4 fxe4 22. Kc1 exd3 23. Bc4 Be4 24. cxd3 Nxd3+ 25. Bxd3 Bxd3 26. Rg3 Bg6 27. Rxd8+ Kxd8 28. h3 Kd7 29. b3 Bd6 30. Rg4 Bc5 31. Rf4 Kd6 32. Kd2 Ke5 33. Rf3 Bh5 34. Rg3 Bxf2 35. Rg5+ Ke4 36. Rxh5 h6 37. Ke2 Be3 38. Ra5 f5 39. Rxa6 e5 40. Rf6 f4 41. a5 Kd4 42. a6 Kc3 43. Rd6 e4 44. Re6 Kxb3 45. Rxe4 Kc3 46. Rxe3+ fxe3 47. a7 b3 48. a8Q b2 49. Qe4 Kb3 50. Qb1 h5 51. Kxe3 1-0

[Event "Titled Tuesday intern op 04th Feb Late"]
[Site "Chess.com INT"]
[Date "2025.02.04"]
[Round "2"]
[White "Delgado Kuffo, Andres"]
[Black "Martin Fuentes, Alberto"]
[Result "0-1"]
[WhiteElo "2320"]
[BlackElo "2378"]
[PlyCount "104"]
[EventDate "2025.02.04"]
[EventType "swiss (blitz)"]
[EventRounds "11"]
[EventCountry "USA"]
[SourceTitle "CB07_2025"]
[SourceDate "2025.02.12"]
[SourceVersion "1"]
[SourceVersionDate "2025.02.12"]
[SourceQuality "1"]

1. e4 e6 2. d4 d5 3. e5 c5 4. c3 Qb6 5. Nf3 Nc6 6. Bd3 f6 7. 0-0 fxe5 8. Nxe5 Nxe5 9. dxe5 g6 10. h4 c4 11. Bc2 Ne7 12. h5 Bg7 13. b3 cxb3 14. axb3 Bxe5 15. Re1 Bf6 16. Qf3 Rf8 17. hxg6 hxg6 18. Qg3 g5 19. Nd2 Bd7 20. Nf3 Bxc3 21. Bxg5 Bxa1 22. Rxa1 Qc6 23. Nd4 Qc5 24. Be3 Qc3 25. Rc1 Kd8 26. Qg7 Rg8 27. Nxe6+ Bxe6 28. Qxc3 Kd7 29. Bd3 a6 30. Qe5 Rac8 31. Rxc8 Rxc8 32. Bf4 Rf8 33. Qd6+ Ke8 34. Bg5 Rf7 35. Qxe6 Kf8 36. Bh6+ Kg8 37. Qd6 Nf5 38. Qd8+ Kh7 39. Qf6 Rxf6 40. g4 Kxh6 41. Bxf5 Kg5 42. Kg2 Kf4 43. f3 d4 44. Kf2 Rb6 45. Ke2 Rxb3 46. Kd2 Rxf3 47. Kc2 Rg3 48. Kd2 b5 49. Be6 b4 50. Kc2 a5 51. Kb2 a4 52. Kc2 a3 0-1

[Event "Titled Tuesday intern op 04th Feb Late"]
[Site "Chess.com INT"]
[Date "2025.02.04"]
[Round "1"]
[White "Martin Fuentes, Alberto"]
[Black "Zampronha, Wladimir Camilo"]
[Result "1-0"]
[WhiteElo "2378"]
[BlackElo "2157"]
[PlyCount "153"]
[EventDate "2025.02.04"]
[EventType "swiss (blitz)"]
[EventRounds "11"]
[EventCountry "USA"]
[SourceTitle "CB07_2025"]
[SourceDate "2025.02.12"]
[SourceVersion "1"]
[SourceVersionDate "2025.02.12"]
[SourceQuality "1"]

1. e4 c5 2. Nc3 Nc6 3. g3 e6 4. Bg2 Nf6 5. d3 d5 6. Bg5 Be7 7. exd5 exd5 8. Bxf6 Bxf6 9. Nxd5 Bxb2 10. Rb1 Bf6 11. Ne2 0-0 12. 0-0 Re8 13. Nef4 Qd6 14. Nxf6+ Qxf6 15. Nd5 Qd6 16. Re1 Be6 17. Nf4 b6 18. Qf3 Rac8 19. Nxe6 Rxe6 20. Bh3 Rxe1+ 21. Rxe1 Rd8 22. Qe4 g6 23. a4 Kg7 24. Bg2 Nd4 25. c3 Ne6 26. Re3 Nc7 27. Qb7 a5 28. h4 Rd7 29. Kf1 Nd5 30. Qxd5 Qxd5 31. Bxd5 Rxd5 32. Ke2 Kf6 33. f4 Rd6 34. Kd2 Re6 35. Rf3 Kf5 36. d4 cxd4 37. cxd4 Kg4 38. Rd3 Rd6 39. Kc3 Kf5 40. Kc4 Ke4 41. Rd1 Kf3 42. Rd3+ Ke4 43. d5 Rd8 44. Rd4+ Kf3 45. Rd3+ Ke4 46. Rd4+ Kf3 47. d6 Kxg3 48. Kd5 Kxh4 49. f5+ Kg5 50. fxg6 fxg6 51. Kc6 h5 52. Kxb6 h4 53. Kc7 Rh8 54. d7 h3 55. d8Q+ Rxd8 56. Rxd8 Kg4 57. Kb6 g5 58. Kxa5 Kg3 59. Kb5 g4 60. a5 h2 61. Rh8 Kg2 62. a6 h1Q 63. Rxh1 Kxh1 64. a7 g3 65. a8Q+ g2 66. Qf3 Kh2 67. Qh5+ Kg1 68. Kc4 Kf2 69. Qf5+ Ke2 70. Qg4+ Kf2 71. Qf4+ Ke2 72. Qg3 Kf1 73. Qf3+ Kg1 74. Kd3 Kh2 75. Qh5+ Kg1 76. Ke3 Kf1 77. Qd1# 1-0

[Event "Titled Tuesday intern op 14th Jan Early"]
[Site "Chess.com INT"]
[Date "2025.01.14"]
[Round "2"]
[White "Antoniou, Rafail"]
[Black "Martin Fuentes, Alberto"]
[Result "1-0"]
[WhiteElo "2051"]
[BlackElo "2375"]
[PlyCount "159"]
[EventDate "2025.01.14"]
[EventType "swiss (blitz)"]
[EventRounds "11"]
[EventCountry "USA"]
[SourceTitle "CB04_2025"]
[SourceDate "2025.01.22"]
[SourceVersion "1"]
[SourceVersionDate "2025.01.22"]
[SourceQuality "1"]

1. Nc3 Nf6 2. e4 g6 3. e5 Ng8 4. d4 Bg7 5. Nf3 d6 6. Bb5+ Bd7 7. Bxd7+ Qxd7 8. Qe2 dxe5 9. dxe5 Nc6 10. 0-0 Nh6 11. Rd1 Qf5 12. Nd5 Rc8 13. Nf6+ Kf8 14. Nd5 Ng4 15. Bg5 Ngxe5 16. Nxe5 Qxe5 17. Qg4 Qf5 18. Qg3 Be5 19. Bh6+ Bg7 20. Qe3 Qe5 21. Qh3 e6 22. Ne3 Bxh6 23. Qxh6+ Qg7 24. Qg5 a6 25. Rd7 h6 26. Qc5+ Kg8 27. c3 Kh7 28. Rad1 Rhf8 29. h4 h5 30. g4 Qe5 31. Qc4 Rcd8 32. Qd3 Rxd7 33. Qxd7 Kg7 34. Qd3 Rd8 35. Qe2 Rxd1+ 36. Qxd1 hxg4 37. Qxg4 Qf6 38. Qc4 Ne5 39. Qxc7 Nf3+ 40. Kf1 Nd2+ 41. Ke2 Ne4 42. Ng4 Qf5 43. Qe5+ Qxe5 44. Nxe5 Nd6 45. c4 f6 46. c5 Nf5 47. Nc4 Kf7 48. Na5 Ke7 49. Nxb7 Nxh4 50. b4 Nf5 51. a4 Kd7 52. b5 axb5 53. axb5 Nd4+ 54. Kd3 Nxb5 55. Na5 Na7 56. Kc4 Nc6 57. Nb3 e5 58. Kd5 Ne7+ 59. Kc4 f5 60. Kb5 Ke6 61. c6 g5 62. Kb6 f4 63. c7 g4 64. Nc5+ Kd5 65. Nd3 g3 66. fxg3 fxg3 67. Ne1 e4 68. Ng2 Kd4 69. Nf4 e3 70. Ne2+ Ke4 71. Nxg3+ Kf3 72. Nf5 Nc8+ 73. Kb7 e2 74. Nd4+ Ke4 75. Nxe2 Ne7 76. Nc3+ Kd4 77. Nb5+ Kd5 78. Na7 Ke6 79. Nc6 Kd7 80. Nxe7 1-0

[Event "Titled Tuesday intern op 14th Jan Early"]
[Site "Chess.com INT"]
[Date "2025.01.14"]
[Round "10"]
[White "Manukian, Artak"]
[Black "Martin Fuentes, Alberto"]
[Result "1-0"]
[WhiteElo "2104"]
[BlackElo "2375"]
[PlyCount "55"]
[EventDate "2025.01.14"]
[EventType "swiss (blitz)"]
[EventRounds "11"]
[EventCountry "USA"]
[SourceTitle "CB04_2025"]
[SourceDate "2025.01.22"]
[SourceVersion "1"]
[SourceVersionDate "2025.01.22"]
[SourceQuality "1"]

1. e4 e6 2. d4 d5 3. e5 c5 4. c3 Nc6 5. Nf3 Qb6 6. a3 f6 7. b4 fxe5 8. dxe5 Qc7 9. Bb5 Bd7 10. Bxc6 Bxc6 11. 0-0 Ne7 12. Be3 Ng6 13. Bxc5 Bxc5 14. bxc5 0-0 15. Qd4 Rf4 16. Qe3 Raf8 17. Nbd2 R4f5 18. Rfe1 Qa5 19. Nb3 Qa4 20. Nbd4 R5f7 21. Nxe6 Re8 22. Ned4 Rfe7 23. e6 Qc4 24. Ne5 Nxe5 25. Qxe5 Qxc5 26. Re3 Qb6 27. Nf5 Rxe6 28. Qxg7# 1-0